|
|
|
|
| LEADER |
00000nam a2200000 a 4500 |
| 001 |
UCX6968 |
| 003 |
CL-VaPUC |
| 008 |
930902e19920000SP |||||||||||||||||spa|d |
| 082 |
0 |
4 |
|a 946.9
|b FER
|2 21
|
| 100 |
0 |
|
|a Ferro Tavares, María José Pimenta
|e author
|9 323675
|
| 245 |
1 |
4 |
|a Los judíos en Portugal
|
| 300 |
|
|
|a 393 p
|
| 942 |
|
|
|c BK
|
| 945 |
|
|
|d 19930902 00:00:00
|
| 260 |
|
|
|a Madrid
|b MAPFRE
|c 1992
|
| 650 |
|
0 |
|a Judíos
|9 313771
|
| 650 |
|
0 |
|a Historia
|9 255047
|
| 651 |
|
7 |
|a PORTUGAL
|2 CL-VaPUC
|9 255007
|
| 583 |
|
|
|a last modification
|c 19930902 00:00:00
|k Rodrigo Vera
|
| 490 |
0 |
|
|a Sefarad
|
| 999 |
|
|
|c 226898
|d 226896
|
| 952 |
|
|
|0 0
|1 0
|4 0
|6 946_900000000000000_FER_1992
|7 0
|8 A
|9 225553
|a BIBHIS
|b BIBHIS
|d 2019-11-15
|i 2942321
|o 946.9 FER 1992
|p 2942321
|r 2025-01-20
|w 2019-11-15
|y BK
|k HIS
|